000 00866nam a2200205 i 4500
001 185629
003 ES-MaACL
005 20250927123003.0
008 160729s1932 sp |||| | spa d
100 1 _aAcevedo y Huelves, Bernardo,
_d1849-1920
_9160241
245 1 0 _aVocabulario del bable de Occidente /
_cpor Bernardo Acevedo y Huelves y Marcelino Fernández y Fernández.
260 _aMadrid :
_bJunta para Ampliación de Estudios e Investigaciones Científicas, Centro de Estudios Históricos,
_c1932.
300 _aXIII, 242 p., [6] h. de lám. ;
_c24 cm.
490 1 _aArchivo de tradiciones populares ;
_v3
650 _aDialecto bable-
_vDiccionarios.
_911855
700 1 _aFernández y Fernández, Marcelino,
_d1866-1932
_9160242
830 0 _aArchivo de tradiciones populares ;
_v3
_9192359
852 _aES-MaACL
_jB-13358
999 _c185629
_d185629